ბათუმის შოთა რუსთაველის სახელმწიფო უნივერსიტეტის ბიბლიოთეკა

ბუნების დაცვა (ბიბ.ჩანაწერი № 44411)

000 -LEADER
fixed length control field 00976nam a2200229Ia 4500
001 - CONTROL NUMBER
control field 11177
003 - CONTROL NUMBER IDENTIFIER
control field GE_BSU
008 - FIXED-LENGTH DATA ELEMENTS--GENERAL INFORMATION
fixed length control field 181216s||||||||xx |||||||||||||| ||und||
040 ## - CATALOGING SOURCE
Transcribing agency GE_BSU
080 ## - UNIVERSAL DECIMAL CLASSIFICATION NUMBER
Universal Decimal Classification number 502.1(075.8)
100 ## - MAIN ENTRY--PERSONAL NAME
Personal name ვორონცოვი ა.
245 ## - TITLE STATEMENT
Title ბუნების დაცვა
245 ## - TITLE STATEMENT
Remainder of title სახელმძღ. სატყეო-ტექნიკური უმაღლესი სასწავლებლებისა და ფაკულტეტებისათვის
245 ## - TITLE STATEMENT
Statement of responsibility, etc. რედ.ვ.დარახველიძე მთარგმ. ვ.დარახველიძე და სხვ. ქართული თარგმ. რედ. ნ.ქანთარია
260 ## - PUBLICATION, DISTRIBUTION, ETC.
Place of publication, distribution, etc. თბილისი.
260 ## - PUBLICATION, DISTRIBUTION, ETC.
Name of publisher, distributor, etc. განათლება.
260 ## - PUBLICATION, DISTRIBUTION, ETC.
Date of publication, distribution, etc. 1985
300 ## - PHYSICAL DESCRIPTION
Extent 416გვ.22სმ.
300 ## - PHYSICAL DESCRIPTION
Accompanying material ილ;
653 ## - INDEX TERM--UNCONTROLLED
Uncontrolled term ბუნების დაცვა
942 ## - ADDED ENTRY ELEMENTS (KOHA)
Koha item type წიგნი
ეგზემპლარები
Withdrawn status Lost status Damaged status Not for loan Date acquired Barcode Date last seen Price effective from Koha item type
        2018-12-17 19235 2018-12-17 2018-12-17 წიგნი
        2018-12-17 19236 2018-12-17 2018-12-17 წიგნი